|
|
|
|
| LEADER |
00000cam a2200000 7i4500 |
| 001 |
0000007922 |
| 002 |
000008496 |
| 005 |
20000330.0 |
| 020 |
|
|
|a 0435123238
|
| 090 |
0 |
0 |
|a JF
|b DAH
|
| 100 |
1 |
|
|a Dahl, Roald
|
| 245 |
1 |
0 |
|a Going solo
|c Roald Dahl
|
| 260 |
|
|
|a Oxford :
|b Heinemann Educational ,
|c 1989
|
| 300 |
|
|
|a 208p. :
|b ill. ;
|c 17cm.
|
| 650 |
0 |
0 |
|a Children's stories
|
| 999 |
|
|
|a 048466
|b BUKU
|c PINJAMAN
|e PERPUSTAKAAN KOMUNITI PETALING JAYA
|
| 999 |
|
|
|a 053699
|b BUKU
|c PINJAMAN
|e PERPUSTAKAAN KOMUNITI PETALING JAYA
|
| 999 |
|
|
|a 053700
|b BUKU
|c PINJAMAN
|e PERPUSTAKAAN KOMUNITI PETALING JAYA
|